000 00696nam a2200193Ii 4500
003 JO-AjNU
008 230605s9999||||xx |||||||||||||| ||und||
040 _aJO-AjNU
_bara
_erda
_cJO-AjNU
041 _aara
050 1 4 _aHN8 .M876
100 3 _aتأليف متولي، محمود,
_eauthor
_945820
245 0 0 _aالمذاهب الاجتماعية والاقتصادية
264 3 1 _aالاسكندرية: مكتبة المعارف الحديثة
300 _a161ص
_bيحتوي على ببلوغرافية
336 _atext
_btxt
_2rdacontent
337 _aunmediated
_bn
_2rdamedia
338 _avolume
_bnc
_2rdacarrier
650 4 _aالمجتمع - فلسفة و نظريات 
_945821
999 _aA19889
_c23457
_d23457